<?xml version="1.0" encoding="UTF-8"?>
<record
    xmlns:xsi="http://www.w3.org/2001/XMLSchema-instance"
    xsi:schemaLocation="http://www.loc.gov/MARC21/slim http://www.loc.gov/standards/marcxml/schema/MARC21slim.xsd"
    xmlns="http://www.loc.gov/MARC21/slim">

  <leader>01116nam a22002657a 4500</leader>
  <controlfield tag="003">OSt</controlfield>
  <controlfield tag="005">20170502170435.0</controlfield>
  <controlfield tag="008">170413s2013    spc ||||||||| 0|0 0 cat|d</controlfield>
  <datafield tag="020" ind1=" " ind2=" ">
    <subfield code="a">9788449032370 (UAB)</subfield>
  </datafield>
  <datafield tag="020" ind1=" " ind2=" ">
    <subfield code="a">9788480219006 (UJI)</subfield>
  </datafield>
  <datafield tag="020" ind1=" " ind2=" ">
    <subfield code="a">9788437090054 (UV)</subfield>
  </datafield>
  <datafield tag="040" ind1=" " ind2=" ">
    <subfield code="b">cat</subfield>
    <subfield code="c">CDMR</subfield>
  </datafield>
  <datafield tag="245" ind1="0" ind2="3">
    <subfield code="a">La Calidad period&#xED;stica</subfield>
    <subfield code="b">: teor&#xED;as, investigaciones y sugerencias profesionales /</subfield>
    <subfield code="c">Josep Llu&#xED;s G&#xF3;mez Mompart, Juan Francisco Guti&#xE9;rrez Lozano, Dolors Palau Sampio (eds.)</subfield>
  </datafield>
  <datafield tag="260" ind1=" " ind2=" ">
    <subfield code="a">Bellaterra :</subfield>
    <subfield code="b">Universitat Aut&#xF2;noma de Barcelona ;</subfield>
    <subfield code="a">Castell&#xF3; de la Plana :</subfield>
    <subfield code="b">Universitat Jaume I ;</subfield>
    <subfield code="a">Barcelona :</subfield>
    <subfield code="b">Universitat Pompeu Fabra ;</subfield>
    <subfield code="a">Val&#xE8;ncia :</subfield>
    <subfield code="b">Universitat de Val&#xE8;ncia,</subfield>
    <subfield code="c">2013</subfield>
  </datafield>
  <datafield tag="300" ind1=" " ind2=" ">
    <subfield code="a">203 p. ;</subfield>
    <subfield code="c">24 cm</subfield>
  </datafield>
  <datafield tag="504" ind1=" " ind2=" ">
    <subfield code="a">Bibliografia</subfield>
  </datafield>
  <datafield tag="650" ind1="0" ind2="4">
    <subfield code="a">Periodisme</subfield>
    <subfield code="x">Control de qualitat</subfield>
  </datafield>
  <datafield tag="650" ind1=" " ind2="7">
    <subfield code="a">Periodisme</subfield>
    <subfield code="x">Objectivitat</subfield>
    <subfield code="2">lemac</subfield>
  </datafield>
  <datafield tag="650" ind1=" " ind2="7">
    <subfield code="a">Periodisme</subfield>
    <subfield code="x">Avaluaci&#xF3;</subfield>
    <subfield code="2">lemac</subfield>
  </datafield>
  <datafield tag="650" ind1=" " ind2="7">
    <subfield code="a">Periodisme</subfield>
    <subfield code="x">Orientaci&#xF3; professional</subfield>
    <subfield code="2">lemac</subfield>
  </datafield>
  <datafield tag="700" ind1="1" ind2=" ">
    <subfield code="a">G&#xF3;mez Mompart, Josep Llu&#xED;s</subfield>
    <subfield code="d">1948-</subfield>
    <subfield code="9">1072</subfield>
  </datafield>
  <datafield tag="700" ind1="1" ind2=" ">
    <subfield code="a">Guti&#xE9;rrez Lozano, Juan Francisco</subfield>
    <subfield code="9">3931</subfield>
  </datafield>
  <datafield tag="700" ind1="1" ind2=" ">
    <subfield code="a">Palau Sampio, Dolors</subfield>
  </datafield>
  <datafield tag="942" ind1=" " ind2=" ">
    <subfield code="c">MON</subfield>
    <subfield code="2">udc</subfield>
  </datafield>
  <datafield tag="999" ind1=" " ind2=" ">
    <subfield code="c">7011</subfield>
    <subfield code="d">7011</subfield>
  </datafield>
  <datafield tag="952" ind1=" " ind2=" ">
    <subfield code="0">0</subfield>
    <subfield code="1">0</subfield>
    <subfield code="4">0</subfield>
    <subfield code="7">0</subfield>
    <subfield code="8">CIC</subfield>
    <subfield code="a">CDMR</subfield>
    <subfield code="b">CDMR</subfield>
    <subfield code="d">2017-04-13</subfield>
    <subfield code="g">18.50</subfield>
    <subfield code="l">2</subfield>
    <subfield code="m">2</subfield>
    <subfield code="o">CIC Ck 14</subfield>
    <subfield code="p">CDMR17040002</subfield>
    <subfield code="r">2017-12-04</subfield>
    <subfield code="s">2017-08-31</subfield>
    <subfield code="v">18.50</subfield>
    <subfield code="w">2017-04-13</subfield>
    <subfield code="y">MON</subfield>
  </datafield>
</record>
